000 01524nam a2200277 i 4500
003 DO-SdBNP
005 20250707131429.0
006 a||||gr|||| 00| 0
007 ta
008 240808b190? dr aobc| |||| 00| e spa d
040 _aDO-SdBNP
_bspa
_cBNPHU
_erda
082 4 _222
_bM385n
100 1 _aMartínez Almanzar, Juan Francisco
_d1950 -
_910459
_eautor
245 1 0 _aNociones de historia patria :
_bresumen de cátedras /
_cJuan Francisco Martínez Almánzar.
264 _a[Santo Domingo] :
_b[sin idenficar],
_c[190?]
300 _a244 páginas :
_bilustraciones, fotografías, mapas, retratos ;
_c21 cm.
336 _2rdacontent
_atexto
_btxt
337 _2rdamedia
_asin mediación
_bn
338 _2rdacarrier
_avolumen
_bnc
500 _aIncluye datos biográficos del autor en la contracubierta.
504 _aBibliografía: páginas 239-240.
505 _aPresentación.-- Introducción.
_tTema I : La situación europea antes del descubrimiento.-- Tema II : Sociedad aborigen.-- Tema III : La Colonización.-- Tema IV : La Española en el siglo XVI.-- Tema V : siglo (continuación).-- Tema VI : La Isla Espa­ñola en el siglo XVII.-- Tema VII : La Isla de Santo Domingo en el siglo XVIII.-- Tema VIII : Desrrollo de la Concienca Nacional.-- Tema IX : La Independencia Efímera y Ocupación Haitiana.-- Tema X : Caudillismo y Anexionismo.-- Tema XI : Anexionismo y Guerra Restauradora.
590 _aInventariado 2024 / MF
651 4 _a República Dominicana
_xHistoria
_9170
942 _2ddc
_cLBS1
999 _c57391
_d57391